00780nam a2200205Ia 4500008004100000020001800041050001800059050001400077245005700091245004300148260001300191260002000204260000900224300002100233300001100254500019500265650003400460650003700494700004300531160319s9999 xx 000 0 und d a9789712725463 aFil 350.9599  bG562 2011 aGlobal civil society movements in the Philippines /  cedited by Teresa S. Encarnacion Tadem. aManila : bAnvil Pub. Inc. c2011 axx, 302 pages ;  c23 cm. a"First published as: Localizing as transnationalizing contentious politics : global civil society movements in the Philippines / Teresa S. Encarnacion Tadem. Lanham, Md., 2009" --T.p. verso. aCivil society -- Philippines. aSocial movements -- Philippines. aTadem, Teresa S. Encarnacion., editor.